000 00757nam a2200193Ii 4500
003 JO-AjNU
008 230605s9999||||xx |||||||||||||| ||und||
040 _aJO-AjNU
_bara
_erda
_cJO-AjNU
041 _aara
050 1 4 _aHJ2005. H3564.1987
100 3 _aتأليف عبدالعظيم، حمدي,
_eauthor
_940507
245 0 0 _aسياسة سعر الصرف وعلاقتها بالموازنة العامة للدولة
264 3 1 _aالقاهرة: مكتبة النهضة المصرية، 1987
300 _a189ص
_bيحتوي على ببلوغرافية من 178-189ص
336 _atext
_btxt
_2rdacontent
337 _aunmediated
_bn
_2rdamedia
338 _avolume
_bnc
_2rdacarrier
650 4 _aسياسة مالية- ميزانية - مصر
_940508
999 _aA17196
_c20764
_d20764